| 000 | 01258nam0a22002531i 4500 | ||
|---|---|---|---|
| 001 | rc\3757132 | ||
| 005 | 20240726100136.0 | ||
| 021 |
_aRU _b[74-22822а] |
||
| 035 | _a(NLR Aleph) 007876783 | ||
| 090 |
_a7892759 _c7892759 |
||
| 100 | _a20130115d1974 |||y0rusy50 ca | ||
| 101 | 0 | _arus | |
| 102 | _aRU | ||
| 105 | _aa d ||||| | ||
| 200 | 1 |
_aОб изменениях, возникающих в клетках плоского эпителия слизистой оболочки влагалища и носа, а также в слизи канала шейки матки и отделяемой из носа при двухфазном менструальном цикле _e(Клинико-морфол. исследование) _eАвтореф. дис. на соиск. учен. степени канд. мед. наук _e(14.00.01) _fТарт. гос. ун-т |
|
| 210 |
_aТарту _d1974 |
||
| 215 |
_a37 с. _cил. |
||
| 320 | _aСписок работ авт.: с. 36-37 (9 назв.) | ||
| 606 |
_aМенструальный цикл _xВлияние на организм _2psbo |
||
| 700 | 1 |
_aСярг _bА.А. _gАйн Артурович |
|
| 801 | 0 |
_aRU _bNLR _gpsbo |
|
| 801 | 1 |
_aRU _bELAR _2rusmarc |
|
| 852 |
_aNLR _j74-6/4465 |
||
| 942 | _cBOOK | ||